| Tag |
First Indicator |
Second Indicator |
Subfields |
| LEADER |
00000cam a22000001a 4500 |
| 001 |
in00003211621 |
| 005 |
20190404174327.0 |
| 006 |
m d f |
| 007 |
cr bn mmmapmmp |
| 008 |
090922s1974 dcua o f000 0 eng d |
| 035 |
|
|
|a cis2007438799
|
| 040 |
|
|
|a UMI
|c UMI
|d UtOrBLW
|
| 043 |
|
|
|a n-us---
|
| 086 |
0 |
|
|a Y 4.W 36:Un 2/7/974
|
| 099 |
|
|
|a HRG-1974-WAM-0017
|
| 110 |
1 |
|
|a United States.
|b Congress.
|b House.
|b Committee on Ways and Means.
|
| 245 |
1 |
0 |
|a Unemployment compensation :
|b hearings, Ninety-third Congress, second session . /
|c April 22 and 23, 1974.
|
| 264 |
|
1 |
|a Washington :
|b U.S. Govt. Print. Off,
|c 1974.
|
| 300 |
|
|
|a 1 online resource.
|
| 336 |
|
|
|a text
|b txt
|2 rdacontent
|
| 337 |
|
|
|a computer
|b c
|2 rdamedia
|
| 338 |
|
|
|a online resource
|b cr
|2 rdacarrier
|
| 538 |
|
|
|a System requirements: PDF reader software.
|
| 500 |
|
|
|a Electronic resource.
|
| 650 |
|
0 |
|a Unemployment insurance
|x Law and legislation
|z United States.
|
| 655 |
|
7 |
|a Electronic books.
|2 local
|
| 710 |
2 |
|
|a ProQuest (Firm)
|
| 776 |
0 |
8 |
|i Print version:
|a United States. Congress. House. Committee on Ways and Means.
|t Unemployment compensation
|w (DLC)74601833 //r82
|
| 776 |
0 |
8 |
|i Microfiche version:
|a United States. Congress. House. Committee on Ways and Means.
|t Unemployment compensation.
|d [Bethesda, Md.] : ProQuest,[2004]
|o CIS 74 H781-12
|w (ProQuest)cis07400626
|
| 830 |
|
0 |
|a U.S. Congressional Hearings.
|
| 856 |
4 |
0 |
|u http://proxy.library.tamu.edu/login?url=http://congressional.proquest.com/congcomp/getdoc?HEARING-ID=HRG-1974-WAM-0017
|z Connect to the full text of this electronic book
|t 0
|
| 998 |
|
|
|a cis07400626
|
| 999 |
|
|
|a MARS
|
| 999 |
f |
f |
|s 63fcf8fe-9abd-33dd-88d9-82c9c6d2b619
|i c0e4327f-ed38-3a21-a13e-a95f65ab2b96
|t 0
|
| 952 |
f |
f |
|a Texas A&M University
|b College Station
|c Electronic Resources
|d Available Online
|t 0
|e HRG-1974-WAM-0017
|h Other scheme
|
| 998 |
f |
f |
|a HRG-1974-WAM-0017
|t 0
|l Available Online
|